000 00897cam a2200289 a 4500
001 000015818
003 OSt
005 20260218080533.0
008 821218s1981 sp b 000 0 spa d
020 _a8426553311
040 _aDO-SdBNP
_bspa
_cBNPHU
082 _a921.9438
_bS296G
100 1 _aGómez Pérez, Rafael,
_d1935-
_935610
245 1 0 _aAdam Schaff :
_bel marxismo y el individuo /
_cRafael Gómez Pérez.
260 _aMadrid :
_bMagisterio Español,
_c1981.
300 _a164 p. ;
_c19 cm.
490 1 _aCrítica filosófica
_v32
504 _aIncluye referencias bibliográficas y notas al pie de las páginas.
590 _aInventariado, 2020/ YL
600 1 4 _aSCHAFF, ADAM,
_d1913-2006.
_935611
650 0 _aMarxismo
_95234
650 4 _aMaterialismo dialectico
_9845
650 4 _aSeres humanos
_94756
910 _aEn proceso
942 _2ddc
_cLF1
956 _aYLOCKWARD
999 _c15363
_d15363